000 00409nam a2200169 a 4500
001 0000-8994
003 ELIB.Books
008 110520 1993
035 _a(ELIB.Books)0000-9143
082 _a266
_bJen
100 _aJenkinson, Willim
245 _aTrends in Mission
260 _bMaryknoll: Orbis Books
_c1993
650 _aMission
942 _2ddc
_cBK
998 _cbat
_e2011-05-20
999 _c8994
_d8994